| 000 | 00627nam a22001937a 4500 | ||
|---|---|---|---|
| 005 | 20180717122528.0 | ||
| 010 | _aENG-123483 | ||
| 020 |
_a9788171772926 _c350.00 |
||
| 035 | _aEN-107015 | ||
| 037 | _bDBAD/PUB. | ||
| 082 | _a346.048 | ||
| 100 | _aRaju, K.D. | ||
| 245 |
_aThe intellectual property rights & competition law : _cby K.D. Raju _bA comparative analysis / |
||
| 260 |
_aKolkata (Calcutta) _bEastrn Law House _c2015 |
||
| 270 |
_a54, Ganesh Chunder Avenue _bKolkata (Calcutta) _e700013 |
||
| 300 |
_axxviii, 244p. _c21cm(pbk) |
||
| 500 | _aIt includes index | ||
| 942 |
_2ddc _cEN _mRAJ _h346.048 |
||
| 999 |
_c154148 _d154148 |
||